| 000 -ლიდერი |
| ფიქსირებული სიგრძის საკონტროლო ველი |
01286nam a22002417a 4500 |
| 003 - საკონტროლო ნომრის იდენტიფიკატორი |
| საკონტროლო ველი |
Ge_BSU |
| 005 - ბოლო ოპერაციის თარიღი და დრო |
| საკონტროლო ველი |
20230123121447.0 |
| 008 - ფიქსირებული სიგრძის მონაცემთა ელემენტები - ზოგადი ინფორმაცია |
| ფიქსირებული სიგრძის საკონტროლო ველი |
230123s2012 ge ||||| |||| 00| 0 geo d |
| 020 ## - წიგნის საერთაშორისო სტანდარტული ნომერი |
| International Standard Book Number |
9789941176227 |
| 041 ## - ენის კოდი |
| Language code of text/sound track or separate title |
geo |
| 080 ## - უნივერსალური ათობითი კლასიფიკაციის ინდექსი |
| Universal Decimal Classification number |
551.502.4(479.22)(075.8) მ-53 |
| 100 ## - მთავარი ჩანაწერი - პიროვნების სახელი |
| Personal name |
მელაძე, გიორგი |
| 9 (RLIN) |
824 |
| 245 ## - ცნობა სათაურის შესახებ |
| Title |
საქართველოს დასავლეთ რეგიონების აგროკლიმატური რესურსები : [ |
| Remainder of title |
[სახელმძღვ.] / |
| Statement of responsibility, etc |
გიორგი მელაძე, მაია მელაძე ; [რედ. ელდარ გუგავა]. |
| 264 ## - წარმოების, გამოცემის, დისტრიბუციის და სხვა ცნობები |
| გამოცემის, წარმოების, დისტრიბუციის... ადგილი |
თბილისი: |
| გამოცემის, წარმოების, დისტრიბუციის... სახელწოდება |
უნივერსალი, |
| გამოცემის, წარმოების, დისტრიბუციის... თარიღი |
2012. |
| 300 ## - ფიზიკური აღწერა |
| Extent |
436 გვ. : |
| Other physical details |
ცხრ., ნახ. ; |
| Dimensions |
20 სმ. |
| 501 ## - შენიშვნა თანმხლებ მასალაზე |
| With note |
დანართი: გვ. 347-426. |
| 504 ## - BIBLIOGRAPHY, ETC. NOTE |
| Bibliography, etc |
ბიბლიოგრ.: გვ. 427-435. |
| 653 ## - INDEX TERM--UNCONTROLLED |
| Uncontrolled term |
საქართველოს აგრომეტეოროლოგია |
| 653 ## - INDEX TERM--UNCONTROLLED |
| Uncontrolled term |
აგროკლიმატური რესურსები |
| 700 ## - ADDED ENTRY--PERSONAL NAME |
| Personal name |
მელაძე, მაია |
| Relator term |
ავტორი |
| 9 (RLIN) |
16743 |
| 700 ## - ADDED ENTRY--PERSONAL NAME |
| Personal name |
გუგავა, ელდარ |
| Relator term |
რედაქტორი |
| 9 (RLIN) |
16744 |
| 942 ## - ADDED ENTRY ELEMENTS (KOHA) |
| Source of classification or shelving scheme |
|
| Koha item type |
წიგნი |